| 000 | 01286nam2a2200253 4500 | ||
|---|---|---|---|
| 001 | rc\2979667 | ||
| 005 | 20260315062243.0 | ||
| 035 | _a(NLR Aleph) 007125159 | ||
| 090 |
_a13610184 _c13610184 |
||
| 100 | _a20110910d1934 u y0rusy50 ca | ||
| 101 | 0 | _arus | |
| 102 | _aRU | ||
| 105 | _ay z ||||| | ||
| 200 | 1 |
_aЭкономполитика _fПроф. В.С. Танский, доц. В.Д. Сильвестров |
|
| 210 | _d1934 | ||
| 215 | _a28 с. | ||
| 461 | 0 |
_1001rc\2979666 _12001#$aПрограммы по социально-экономическим дисциплинам для вузов и втузов$fВсес. ком-т по высш. техн. образ. при ЦИК СССР$v№ 9 _96902473 _aСССР. Комитет по высшему техническому образованию _c[Москва] _d1934 _fВсес. ком-т по высш. техн. образ. при ЦИК СССР _nГосхимтехиздат _tПрограммы по социально-экономическим дисциплинам для вузов и втузов _v№ 9 |
|
| 700 | 1 |
_aТанский _bВ.С. |
|
| 701 | 1 |
_aСильвестров _bВ.Д. |
|
| 801 | 0 |
_aRU _bNLR _gpsbo |
|
| 801 | 1 |
_aRU _bELAR _2rusmarc |
|
| 852 |
_aNLR _j34-17/99(9) |
||
| 942 | _cUNSPEC | ||
| 980 | _aNB | ||